Simposio Dirección de proyectos complejos en la empresa chilena: documentos
Saved in:
| Main Author: | |
|---|---|
| Format: | Book |
| Language: | Spanish |
| Published: |
Santiago
Instituto de Ingenieros de Chile
1982
|
| Subjects: | |
| Tags: |
Add Tag
No Tags, Be the first to tag this record!
|
MARC
| LEADER | 00000nam a2200000 a 4500 | ||
|---|---|---|---|
| 001 | UCP2807 | ||
| 003 | CL-VaPUC | ||
| 008 | 990531e19820000CL |||||||||||||||||spa|d | ||
| 082 | 0 | 4 | |a 658.404 |b ALB |2 21 |
| 100 | |a Albala A., Américo |e author |9 396123 | ||
| 245 | 1 | 0 | |a Simposio Dirección de proyectos complejos en la empresa chilena: documentos |
| 300 | |a 335 p | ||
| 942 | |c BK | ||
| 945 | |d 19990531 00:00:00 |a cmena | ||
| 260 | |a Santiago |b Instituto de Ingenieros de Chile |c 1982 | ||
| 650 | 0 | |a Proyectos |9 337967 | |
| 650 | 0 | |a Gestión de proyectos |9 260970 | |
| 650 | 0 | |a Investigación operativa |9 259383 | |
| 650 | 7 | |a CONTROL DE PROYECTOS |2 CL-VaPUC |9 429782 | |
| 650 | 7 | |a EJECUCION DE PROYECTOS |2 CL-VaPUC |9 361904 | |
| 650 | 0 | |a Evaluación de proyectos |9 259341 | |
| 650 | 7 | |a PLANIFICACION DE PROYECTOS |2 CL-VaPUC |9 364615 | |
| 583 | |a last modification |c 19990531 00:00:00 |k Rodrigo Vera | ||
| 999 | |c 281277 |d 281275 | ||